000 01279nam a22002537a 4500
005 20110809122414.0
010 _aB-425143-144
020 _c995.00
_a8177451900
035 _aB-425143-144
037 _bResearchco Book Centre
082 0 0 _a220.21
100 1 _aDas, Abinas Chandra.
_932181
245 1 0 _aRgvedic culture /
_cby Abinas Chandra Das.
260 _aNew Delhi :
_bMohit Publications,
_c2002
270 _a4675/21, Ansari Road,
_bNew Delhi
_e110002
300 _ax, 564 p.,:
_bill., maps ;
_c22 cm. (Hb)
500 _aIncludes bibliographical references and index
500 _aIncludes index.
504 _a.Reprint. Originally published: Calcutta : R. Cambray, 1925.
942 _2ddc
_cEN
_h220.21
_mDAS
999 _c55066
_d55066